|
|
|
|
| LEADER |
01444nam a2200385Ia 4500 |
| 001 |
EBC817852 |
| 003 |
MiAaPQ |
| 005 |
20200520144314.0 |
| 006 |
m o d | |
| 007 |
cr cn||||||||| |
| 008 |
111221s2012 caua sb 000 0 eng d |
| 010 |
|
|
|z 2011052644
|
| 020 |
|
|
|z 9781118137611
|
| 020 |
|
|
|z 9781118205907
|
| 035 |
|
|
|a (MiAaPQ)EBC817852
|
| 035 |
|
|
|a (Au-PeEL)EBL817852
|
| 035 |
|
|
|a (CaPaEBR)ebr10570730
|
| 035 |
|
|
|a (CaONFJC)MIL367882
|
| 035 |
|
|
|a (OCoLC)796384122
|
| 040 |
|
|
|a MiAaPQ
|c MiAaPQ
|d MiAaPQ
|
| 050 |
|
4 |
|a HD62.6
|b .G74 2012
|
| 100 |
1 |
|
|a Green, Alison.
|
| 245 |
1 |
0 |
|a Managing to change the world
|h [electronic resource] :
|b the nonprofit manager's guide to getting results /
|c Alison Green and Jerry Hauser.
|
| 250 |
|
|
|a 1st ed.
|
| 260 |
|
|
|a San Francisco :
|b Jossey-Bass ;
|a [Washington, D.C.] :
|b Management Center,
|c 2012.
|
| 300 |
|
|
|a v, 233 p. :
|b ill.
|
| 504 |
|
|
|a Includes bibliographical references.
|
| 533 |
|
|
|a Electronic reproduction. Ann Arbor, MI : ProQuest, 2015. Available via World Wide Web. Access may be limited to ProQuest affiliated libraries.
|
| 650 |
|
0 |
|a Nonprofit organizations
|x Management.
|
| 650 |
|
0 |
|a Management
|v Handbooks, manuals, etc.
|
| 655 |
|
4 |
|a Electronic books.
|
| 700 |
1 |
|
|a Hauser, Jerry.
|
| 710 |
2 |
|
|a Management Center (Firm)
|
| 710 |
2 |
|
|a ProQuest (Firm)
|
| 856 |
4 |
0 |
|u https://ebookcentral.proquest.com/lib/matrademy/detail.action?docID=817852
|z Click to View
|